00689nam a2200241 a 4500001001300000003000900013005001700022008004100039020001000080082001300090100001900103245002500122260005000147300000900197500003500206505001000241650002900251700001900280902000800299942000700307952011600314999001700430nice12345678IN_TiNIC20260116014941.0050524s1993 cama grp 000 0 eng  ac35000a030bCRY aCrystal, David aCambridge Factfinder aCambridge bCambridge University Press c1993 a938p aincludes index and biblioraphy2 aIndex aEncyclopaedia-Britannica1 aCrystal, David bSRS cBK 001040708StackRoom-aHMIbHMId2009-06-10g350.00l0o030 CRYp11001135r2009-06-10v350.00w2005-05-24yBK c17680d17680